[Event "Tournoi Skype 022B"]
[Site "Skype"]
[Date "????.??.??"]
[Round "1.33"]
[White "Castellano Ayala, Pedro Jose"]
[Black "Bhandari, Dattatrey"]
[Result "0-1"]
[WhiteElo "1000"]
[BlackElo "1298"]
[PlyCount "66"]

1. d4 d5 2. e3 a6 3. Bd3 c5 4. Nd2 b6 5. c3 cxd4 6. cxd4 Nc6 7. Bc2 Nf6 8. f4
Ng4 9. Ndf3 Nf6 10. Ne2 Bg4 11. Ng3 Nb4 12. Bb1 Bxf3 13. Qxf3 Qc7 14. O-O e6
15. f5 e5 16. dxe5 Qxe5 17. Bd2 Rc8 18. a3 Nc2 19. Bc3 Rxc3 20. bxc3 Nxa1 21.
Ba2 Nc2 22. Bxd5 Qxd5 23. e4 Bc5+ 24. Kh1 Qe5 25. a4 O-O 26. Qd1 Ne3 27. Qe2
Nxf1 28. Nxf1 a5 29. Ng3 Re8 30. Qc4 Nxe4 31. Nh5 Nf2+ 32. Kg1 Ng4+ 33. Kf1
Qe1# 0-1

[Event "Tournoi Skype 022B"]
[Site "Skype"]
[Date "????.??.??"]
[Round "1.34"]
[White "Sanchez Padilla, Armando Edilber"]
[Black "Khabou, Taha"]
[Result "0-1"]
[WhiteElo "1278"]
[BlackElo "1000"]
[PlyCount "184"]

1. e4 c6 2. c4 d5 3. e5 Bf5 4. c5 e6 5. Nc3 Bxc5 6. d4 Bb6 7. Nf3 h6 8. Be2 Nd7
9. O-O Ne7 10. Nh4 O-O 11. Bh5 Bh7 12. Qg4 Kh8 13. Ne2 Nf5 14. g3 Nxh4 15. Qxh4
Qxh4 16. gxh4 Kg8 17. b4 Bd3 18. Re1 Bxe2 19. Rxe2 Bxd4 20. Rb1 Bxe5 21. Ba3
Rfd8 22. b5 Rac8 23. Be7 Re8 24. Ba3 Bf6 25. bxc6 bxc6 26. Rb4 Be7 27. Rb7 Bxa3
28. Rxd7 Re7 29. Rxe7 Bxe7 30. Kg2 Bxh4 31. Kh3 Bf6 32. Re3 Rb8 33. Ra3 Rb7 34.
Ra6 c5 35. a4 c4 36. f4 c3 37. Rc6 Rb3 38. Rc7 c2+ 39. Kg2 g6 40. Bf3 c1=Q 41.
Rxc1 Ra3 42. Bd1 Ra2+ 43. Bc2 Ra3 44. Bd1 Re3 45. a5 a6 46. Rc6 Rd3 47. Bg4
Rd2+ 48. Kf1 h5 49. Be2 d4 50. Ke1 Ra2 51. Rxa6 Ra4 52. Ra8+ Kg7 53. a6 g5 54.
Bxh5 gxf4 55. Ra7 Bh4+ 56. Kd2 Ra2+ 57. Kd3 e5 58. Bxf7 Ra3+ 59. Ke4 Kf6 60.
Bc4 Re3+ 61. Kd5 d3 62. Rd7 d2 63. Kc6 Be1 64. a7 Ra3 65. Kb7 Ra1 66. Be2 Rb1+
67. Ka6 Ra1+ 68. Kb7 Rb1+ 69. Kc8 Ra1 70. Kb8 Rb1+ 71. Kc7 Ra1 72. Kd6 d1=Q+
73. Bxd1 Rxd1+ 74. Kc6 Ra1 75. Kb7 f3 76. a8=Q Rxa8 77. Kxa8 f2 78. Rd6+ Kf5
79. Rc6 f1=Q 80. Rc2 Qa6+ 81. Kb8 Qb5+ 82. Kc8 Bh4 83. Rc7 Qd5 84. Rd7 Qc6+ 85.
Rc7 Qa6+ 86. Rb7 Qc4+ 87. Rc7 Qg8+ 88. Kb7 e4 89. Rc8 Qb3+ 90. Ka8 e3 91. Rc5+
Kf4 92. Rc1 Qa3+ 0-1

[Event "Tournoi Skype 022B"]
[Site "Skype"]
[Date "????.??.??"]
[Round "1.35"]
[White "Kumar Keshri, Siddharth"]
[Black "Torres, Vicky"]
[Result "0-1"]
[WhiteElo "1000"]
[BlackElo "1277"]
[PlyCount "26"]

1. e4 e5 2. Nf3 Nc6 3. Bb5 d6 4. O-O Nf6 5. d3 Be7 6. h3 Bd7 7. c3 O-O 8. d4
Nxe4 9. d5 Nb8 10. Qe2 Bxb5 11. Qxb5 b6 12. Re1 a6 13. Qc6 Nxc6 0-1

[Event "Tournoi Skype 022B"]
[Site "Skype"]
[Date "????.??.??"]
[Round "1.36"]
[White "Amato, Ludovica"]
[Black "Lawton, Tony"]
[Result "1-0"]
[WhiteElo "1267"]
[BlackElo "1000"]
[PlyCount "35"]

1. e4 g6 2. d4 Bg7 3. Nf3 Nc6 4. d5 Nb8 5. Be2 e6 6. c4 Ne7 7. Nc3 O-O 8. O-O
b6 9. Bf4 Bb7 10. Qd2 c5 11. Nb5 exd5 12. Nc7 dxc4 13. Nxa8 Bxa8 14. Bxc4 Bxe4
15. Ne5 Nbc6 16. Nxd7 Qxd7 17. Qxd7 Rb8 18. Bxb8 1-0

[Event "Tournoi Skype 022B"]
[Site "Skype"]
[Date "????.??.??"]
[Round "1.37"]
[White "Marty, Yvette"]
[Black "Battaglia, Gabriele"]
[Result "0-1"]
[WhiteElo "1000"]
[BlackElo "1264"]
[PlyCount "64"]

1. e4 e5 2. Nc3 b6 3. d4 Nc6 4. Nf3 d6 5. d5 Nce7 6. Be2 Nf6 7. Bg5 Bb7 8. Bxf6
gxf6 9. Qd2 Rg8 10. O-O Qd7 11. h3 f5 12. a4 f4 13. Nh4 Qxh3 14. Bf3 Qxh4 15.
g3 fxg3 16. fxg3 Qxg3+ 17. Qg2 Qxg2+ 18. Bxg2 O-O-O 19. Rf2 Bh6 20. Rxf7 Rg7
21. Raf1 Rdg8 22. R1f2 Be3 23. Kf1 Bxf2 24. Kxf2 Rxf7+ 25. Ke3 Rxg2 26. Kd3
Ba6+ 27. Nb5 Bxb5+ 28. axb5 Rg3+ 29. Kc4 Rff3 30. Kb4 Re3 31. b3 Rxe4+ 32. c4
Nxd5+ 0-1

[Event "Tournoi Skype 022B"]
[Site "Skype"]
[Date "????.??.??"]
[Round "2.1"]
[White "Legueltel, Daniel"]
[Black "Escudero Ocana, Francisco"]
[Result "1-0"]
[WhiteElo "1684"]
[BlackElo "1333"]
[PlyCount "41"]

1. d4 d5 2. c4 c6 3. e3 Nf6 4. Nf3 Bg4 5. h3 Bh5 6. Nbd2 Nbd7 7. Bd3 e5 8. dxe5
Nxe5 9. Qc2 Bxf3 10. Nxf3 Nxf3+ 11. gxf3 Rc8 12. b3 Bb4+ 13. Ke2 O-O 14. Bb2 g6
15. a3 Bd6 16. Qc3 Be7 17. h4 h5 18. Rag1 Kh7 19. Rg5 Ne8 20. Rxh5+ Kg8 21.
Rh8# 1-0

[Event "Tournoi Skype 022B"]
[Site "Skype"]
[Date "????.??.??"]
[Round "2.2"]
[White "Ricieri, Vanilda"]
[Black "Leyton Calderon, Jairo Osvaldo"]
[Result "1-0"]
[WhiteElo "1327"]
[BlackElo "1593"]
[PlyCount "65"]

1. e4 c5 2. Nf3 Nc6 3. d4 cxd4 4. Nxd4 g6 5. Be3 Bg7 6. Nc3 Nf6 7. Be2 Qa5 8.
O-O O-O 9. Qd2 d5 10. Nxc6 bxc6 11. Nxd5 Qxd2 12. Nxe7+ Kh8 13. Bxd2 Nxe4 14.
Rad1 Bxb2 15. Nxc6 Be6 16. Bf3 Nc3 17. Bxc3+ Bxc3 18. a4 Bc4 19. Nd4 Rae8 20.
Nb5 Bxf1 21. Kxf1 Ba5 22. Nxa7 Bb6 23. Nc6 Rc8 24. Rb1 Bc7 25. Rb7 Rfe8 26. g3
Kg7 27. Na7 Rb8 28. Rxc7 Rb1+ 29. Kg2 Ra1 30. h4 Re5 31. Nb5 Rxa4 32. Nd6 Rf5
33. Nxf5+ 1-0

[Event "Tournoi Skype 022B"]
[Site "Skype"]
[Date "????.??.??"]
[Round "2.3"]
[White "Duthoit, Bernard"]
[Black "Hernandez Lopez, Joaquin"]
[Result "0-1"]
[WhiteElo "1515"]
[BlackElo "1318"]
[PlyCount "22"]

1. e4 e5 2. d4 exd4 3. c3 d5 4. exd5 Qxd5 5. Qxd4 Qe6+ 6. Be3 Nc6 7. Qd3 a6 8.
Nf3 Nf6 9. Be2 h6 10. O-O Ne5 11. Nbd2 Nxd3 0-1

[Event "Tournoi Skype 022B"]
[Site "Skype"]
[Date "????.??.??"]
[Round "2.4"]
[White "Hargez, Dany"]
[Black "Couto, Januario"]
[Result "0-1"]
[WhiteElo "1308"]
[BlackElo "1500"]
[PlyCount "50"]

1. e4 d5 2. e5 Bf5 3. d4 e6 4. Nf3 c5 5. Bb5+ Nc6 6. Bg5 Qb6 7. Bxc6+ bxc6 8.
b3 h6 9. Bh4 Ne7 10. O-O Ng6 11. Re1 Nxh4 12. Nxh4 Bh7 13. c3 cxd4 14. cxd4 c5
15. Nf3 cxd4 16. Nxd4 Bc5 17. Qd2 Bxd4 18. Nc3 Bxc3 19. Qxc3 O-O 20. Qg3 Qd8
21. Rad1 Rc8 22. Rd4 f5 23. exf6 Qxf6 24. Rd2 Qf4 25. Qc3 Rxc3 0-1

[Event "Tournoi Skype 022B"]
[Site "Skype"]
[Date "????.??.??"]
[Round "2.5"]
[White "Vervoort, Jean-Louis"]
[Black "Aranzubia, Desiderio"]
[Result "1/2-1/2"]
[WhiteElo "1307"]
[BlackElo "1488"]
[PlyCount "34"]

1. d4 Nf6 2. c4 e6 3. Nc3 c6 4. Bg5 Be7 5. Nf3 d5 6. e3 h6 7. Bh4 Nbd7 8. Bd3
O-O 9. O-O a6 10. Rc1 b5 11. cxd5 cxd5 12. Bb1 Bb7 13. Qd3 Rc8 14. Bxf6 Nxf6
15. Ne5 Bd6 16. Ng4 Re8 17. Nxf6+ Qxf6 1/2-1/2

[Event "Tournoi Skype 022B"]
[Site "Skype"]
[Date "????.??.??"]
[Round "2.6"]
[White "Fouquereau, Andre"]
[Black "Ramirez Reina, Orlando"]
[Result "0-1"]
[WhiteElo "1479"]
[BlackElo "1301"]
[PlyCount "93"]

1. e4 e5 2. Nf3 Nc6 3. Bc4 Nf6 4. d3 h6 5. O-O Be7 6. Re1 O-O 7. a3 d6 8. c3
Bg4 9. Nbd2 Re8 10. b4 a6 11. Qb3 Bh5 12. Nh4 b5 13. Bxf7+ Bxf7 14. Qc2 Bf8 15.
Nf1 Ne7 16. Bb2 Be6 17. Ne3 g5 18. Nhf5 Bxf5 19. Nxf5 Nxf5 20. exf5 Qd7 21. d4
e4 22. Bc1 Qxf5 23. f3 Qh7 24. Qa2+ Qf7 25. Qf2 exf3 26. Be3 fxg2 27. Qxg2 Qh5
28. Bf2 Ng4 29. Bg3 Bg7 30. Qc6 Qf7 31. Rf1 Nf6 32. Rf3 Qc4 33. Qxc4+ bxc4 34.
Ra2 Re7 35. Kg2 Rae8 36. a4 Re2+ 37. Rf2 Rxf2+ 38. Bxf2 Ne4 39. Re2 d5 40. Re3
Rf8 41. Be1 c6 42. Rf3 g4 43. Rxf8+ Kxf8 44. h3 h5 45. hxg4 hxg4 46. Kh2 Kf7
47. Kg2 0-1

[Event "Tournoi Skype 022B"]
[Site "Skype"]
[Date "????.??.??"]
[Round "2.7"]
[White "Bhandari, Dattatrey"]
[Black "Malbec, Robert"]
[Result "0-1"]
[WhiteElo "1298"]
[BlackElo "1467"]
[PlyCount "50"]

1. e4 e5 2. Nf3 Nc6 3. Bc4 Bc5 4. c3 Nf6 5. d4 exd4 6. Bg5 h6 7. Bxf6 Qxf6 8.
O-O O-O 9. Re1 d6 10. a3 a6 11. Nbd2 dxc3 12. bxc3 Qxc3 13. Nh4 Qf6 14. Nhf3
Bg4 15. Be2 Rfe8 16. h3 Bxf3 17. Bxf3 Ne5 18. Rf1 Nxf3+ 19. gxf3 Bd4 20. Ra2
Qf4 21. Nc4 Be5 22. Nxe5 Rxe5 23. Kh1 Qh4 24. Kh2 Rh5 25. Rh1 Qxh3+ 0-1

[Event "Tournoi Skype 022B"]
[Site "Skype"]
[Date "????.??.??"]
[Round "2.8"]
[White "Torres, Vicky"]
[Black "Aceituno, Stebe"]
[Result "0-1"]
[WhiteElo "1277"]
[BlackElo "1427"]
[PlyCount "89"]

1. e4 c5 2. Nf3 Nc6 3. Bb5 a6 4. Bxc6 bxc6 5. d4 cxd4 6. Nxd4 Nf6 7. Nc3 e5 8.
Nf5 g6 9. Ng3 Bg7 10. O-O O-O 11. Qd6 Re8 12. h3 Re6 13. Qd3 a5 14. Na4 Ba6 15.
c4 d6 16. b3 d5 17. Nc5 Rd6 18. Qe2 Bc8 19. Ba3 Nxe4 20. Ncxe4 Rd7 21. Nd2 dxc4
22. Nxc4 e4 23. Rad1 Ba6 24. Nxe4 Rxd1 25. Rxd1 Qc7 26. Nc5 Bb5 27. g3 a4 28.
Kg2 axb3 29. Rd7 Qb8 30. Qe7 Qe8 31. Qxe8+ Rxe8 32. axb3 h5 33. Nd6 Re1 34.
Nxf7 Bf1+ 35. Kh2 Re2 36. g4 Rxf2+ 37. Kg3 Rxf7 38. Rxf7 Kxf7 39. Ne4 Be5+ 40.
Kh4 hxg4 41. Kxg4 Be2+ 42. Kh4 Kg7 43. Ng3 Bf3 44. Kg5 Bxg3 45. h4 0-1

[Event "Tournoi Skype 022B"]
[Site "Skype"]
[Date "????.??.??"]
[Round "2.9"]
[White "Amato, Ludovica"]
[Black "Munoz Gonzalez, Martin"]
[Result "0-1"]
[WhiteElo "1267"]
[BlackElo "1406"]
[PlyCount "80"]

1. e4 g6 2. Nf3 Bg7 3. d4 d6 4. Bc4 Nf6 5. Qe2 O-O 6. O-O c6 7. a4 Nxe4 8. Bf4
Nf6 9. Nc3 Bf5 10. Rfe1 d5 11. Bb3 Nbd7 12. Qxe7 Qxe7 13. Rxe7 Ne4 14. Nxe4
dxe4 15. Ng5 Bf6 16. Rxf7 Rxf7 17. Bxf7+ Kg7 18. Bb3 Nb6 19. c3 Nd5 20. Bd2 e3
21. fxe3 Bxg5 22. e4 Bxd2 23. exf5 Be3+ 24. Kf1 gxf5 25. Re1 Re8 26. Bc2 Kf6
27. c4 Nb4 28. Bd1 Re7 29. Bf3 Bxd4 30. Rxe7 Kxe7 31. b3 a5 32. g4 fxg4 33.
Bxg4 Na6 34. Bf5 h6 35. Ke2 Nc5 36. Bc2 Kf6 37. h4 Ke5 38. Kf3 Ne6 39. Kg4 c5
40. Kh5 Be3 0-1

[Event "Tournoi Skype 022B"]
[Site "Skype"]
[Date "????.??.??"]
[Round "2.10"]
[White "Junqueira, Leonardo De Faria"]
[Black "Porcabeuf, Jean-Marc"]
[Result "1-0"]
[WhiteElo "1400"]
[BlackElo "1224"]
[PlyCount "57"]

1. e4 e6 2. d4 d5 3. exd5 exd5 4. Nf3 Nf6 5. Bd3 Be7 6. O-O O-O 7. c3 c6 8. Qc2
Qc7 9. Bg5 Nbd7 10. Nbd2 g6 11. Rfe1 Bd6 12. h3 Re8 13. Rxe8+ Nxe8 14. Re1 h6
15. Bxh6 Ndf6 16. Bxg6 Be6 17. Bd3 Ng7 18. Bxg7 Kxg7 19. Ng5 Rh8 20. Nxe6+ fxe6
21. Rxe6 Bh2+ 22. Kf1 Ng4 23. Bf5 Nxf2 24. Nf3 Bg3 25. Qe2 Qf4 26. Rg6+ Kf7 27.
Qe6+ Kf8 28. Rf6+ Kg7 29. Qf7# 1-0

[Event "Tournoi Skype 022B"]
[Site "Skype"]
[Date "????.??.??"]
[Round "2.11"]
[White "Vilone, Rino"]
[Black "Douichi, Mohammed"]
[Result "1-0"]
[WhiteElo "1400"]
[BlackElo "1165"]
[PlyCount "65"]

1. e4 e5 2. f4 Nf6 3. Nc3 exf4 4. d4 Bd6 5. Bc4 O-O 6. Nf3 Re8 7. e5 Ng4 8. O-O
Bxe5 9. dxe5 Nxe5 10. Nxe5 Rxe5 11. Rxf4 Re7 12. Qh5 d5 13. Bxd5 Re1+ 14. Kf2
g6 15. Qh6 Qe7 16. Rh4 Qf6+ 17. Kxe1 Qg7 18. Qe3 Be6 19. Bxb7 Nd7 20. Bxa8 Nb6
21. Qf3 Qe5+ 22. Be4 Bf5 23. Bf4 Qe7 24. Bg3 c6 25. Kf1 Nc4 26. Be1 Ne5 27. Qf4
f6 28. Rd1 Bg4 29. Rxg4 Nxg4 30. Qxg4 f5 31. Bxf5 h5 32. Qxg6+ Kf8 33. Rd7 1-0

[Event "Tournoi Skype 022B"]
[Site "Skype"]
[Date "????.??.??"]
[Round "2.12"]
[White "Battaglia, Gabriele"]
[Black "Navghane, Rahul"]
[Result "0-1"]
[WhiteElo "1264"]
[BlackElo "1396"]
[PlyCount "44"]

1. g3 e5 2. Bg2 d5 3. d3 Nf6 4. Nf3 Nc6 5. O-O Bf5 6. Nbd2 Be7 7. e4 dxe4 8.
dxe4 Nxe4 9. Nxe4 Qxd1 10. Rxd1 Bxe4 11. Bg5 Bxg5 12. Nxg5 Bxc2 13. Bxc6+ bxc6
14. Rac1 Bxd1 15. Rxd1 O-O 16. Rd7 h6 17. Ne4 Rac8 18. Nc5 Rfd8 19. Re7 Kf8 20.
Rxe5 Rd1+ 21. Kg2 Re8 22. Nd7+ Rxd7 0-1

[Event "Tournoi Skype 022B"]
[Site "Skype"]
[Date "????.??.??"]
[Round "2.13"]
[White "Briere, Jean"]
[Black "Lecluyse, Koenraad"]
[Result "1-0"]
[WhiteElo "1381"]
[BlackElo "1137"]
[PlyCount "35"]

1. e4 e6 2. d4 d5 3. Nc3 c5 4. Nf3 Nc6 5. Bb5 Bd7 6. exd5 exd5 7. Nxd5 a6 8.
Bxc6 Bxc6 9. Nc3 Bxf3 10. Qxf3 cxd4 11. Nd5 Rc8 12. O-O b5 13. c3 Rc5 14. Qe4+
Be7 15. Nxe7 Nf6 16. Qxd4 Qxe7 17. Bg5 Rxg5 18. Rfe1 1-0

[Event "Tournoi Skype 022B"]
[Site "Skype"]
[Date "????.??.??"]
[Round "2.14"]
[White "Rangasamy, Jayaprakash"]
[Black "Meaney, Mike"]
[Result "*"]
[WhiteElo "1199"]
[BlackElo "1370"]
[PlyCount "39"]

1. e4 e6 2. d4 d5 3. e5 a6 4. Nf3 Nc6 5. c4 Nge7 6. c5 b6 7. cxb6 cxb6 8. Bd3
g6 9. h4 Nb4 10. h5 Nxd3+ 11. Qxd3 Bg7 12. h6 Bf8 13. Bg5 Bd7 14. Bf6 Rg8 15.
Ng5 Qc7 16. Nc3 Nf5 17. Nxh7 Bxh6 18. Qxf5 Bg7 19. Qxg6 Bxf6 20. Nxf6+ *

[Event "Tournoi Skype 022B"]
[Site "Skype"]
[Date "????.??.??"]
[Round "2.15"]
[White "Khabou, Taha"]
[Black "Yanez, Leticia Jorgelina"]
[Result "0-1"]
[WhiteElo "1000"]
[BlackElo "1348"]
[PlyCount "80"]

1. e4 e5 2. Nf3 Nc6 3. Bc4 Be7 4. O-O d6 5. d3 Nf6 6. Nc3 O-O 7. Bg5 Na5 8. Nd5
Nxd5 9. Bxd5 Bxg5 10. Nxg5 Qxg5 11. Kh1 c6 12. b4 cxd5 13. bxa5 dxe4 14. dxe4
Qg6 15. Qd5 Rb8 16. Rad1 Rd8 17. f4 Be6 18. Qd2 Qxe4 19. fxe5 d5 20. Rfe1 Qc4
21. a3 Rbc8 22. Rc1 Qa2 23. Re3 Bf5 24. Rc3 Rxc3 25. Qxc3 Rc8 26. Qf3 Rxc2 27.
Rf1 Be6 28. h4 Rb2 29. Re1 Rb1 30. Rd1 Rxd1+ 31. Qxd1 Qxa3 32. Qd2 Qa4 33. Kh2
Qxh4+ 34. Kg1 Qe4 35. Qb2 Qe1+ 36. Kh2 Qxa5 37. Qxb7 h6 38. Qb8+ Kh7 39. g3
Qa2+ 40. Kg1 Bh3 0-1

[Event "Tournoi Skype 022B"]
[Site "Skype"]
[Date "????.??.??"]
[Round "2.18"]
[White "Cengiz, Ali Ekber"]
[Black "Franca, Diego"]
[Result "0-1"]
[WhiteElo "1201"]
[BlackElo "1400"]
[PlyCount "92"]

1. e4 c6 2. d4 d5 3. e5 Bf5 4. Nf3 e6 5. Bg5 Ne7 6. Nbd2 Nd7 7. Be2 Qb6 8. Nb3
h6 9. Bd2 Bg4 10. Ba5 Qxb3 11. axb3 c5 12. h3 Bxf3 13. Bxf3 cxd4 14. c3 Nc6 15.
cxd4 Nxa5 16. Rxa5 Bb4+ 17. Ke2 Bxa5 18. Qc2 Nb6 19. Ra1 Bb4 20. Kf1 O-O 21.
Qd3 Nc8 22. Bd1 Ne7 23. Bc2 g6 24. g4 Rfc8 25. h4 Kg7 26. h5 a6 27. Ke2 Rc7 28.
Rc1 Rh8 29. Rh1 a5 30. Kd1 b6 31. Qh3 Rhc8 32. hxg6 Ng8 33. g5 fxg6 34. gxh6+
Kh7 35. Bxg6+ Kxg6 36. Qxe6+ Kh7 37. Qf5+ Kh8 38. h7 Rc1+ 39. Ke2 Rxh1 40. Qxc8
Kxh7 41. Qb7+ Ne7 42. Qxb6 Re1+ 43. Kf3 Re4 44. Kg2 Rg4+ 45. Kf3 Rg6 46. Ke3
Rxb6 0-1

[Event "Tournoi Skype 022B"]
[Site "Skype"]
[Date "????.??.??"]
[Round "2.19"]
[White "Tekes, Gamze"]
[Black "Milanese, Serge"]
[Result "0-1"]
[WhiteElo "1016"]
[BlackElo "1400"]
[PlyCount "68"]

1. e4 e5 2. Nf3 Nc6 3. Nc3 Nf6 4. Bb5 a6 5. Ba4 Be7 6. O-O O-O 7. Re1 d6 8. Nh4
Nxe4 9. Rxe4 Bxh4 10. Bb3 Be6 11. g3 Bf6 12. Re3 d5 13. Bxd5 Bxd5 14. g4 Bg5
15. Rh3 Be6 16. Ne4 Be7 17. g5 Bxh3 18. Qf3 Be6 19. d3 Nd4 20. Qe3 Nxc2 21. Qg3
Nxa1 22. h4 Nc2 23. h5 Nd4 24. h6 Ne2+ 25. Kg2 Nxg3 26. Kxg3 Qxd3+ 27. f3 Qf1
28. Be3 Qh3+ 29. Kf2 f5 30. Nd2 f4 31. Ke2 fxe3 32. Kxe3 Bxg5+ 33. Kd3 Rad8+
34. Kc3 Rxd2 0-1

[Event "Tournoi Skype 022B"]
[Site "Skype"]
[Date "????.??.??"]
[Round "2.20"]
[White "Lemoine, Gerard"]
[Black "Lequeux, Pierre"]
[Result "1-0"]
[WhiteElo "1396"]
[BlackElo "1083"]
[PlyCount "37"]

1. d4 d5 2. c4 c6 3. Nf3 Nd7 4. Bg5 h6 5. Bh4 Ngf6 6. Nc3 e6 7. e3 Be7 8. Bd3
Ne4 9. Bxe7 Qxe7 10. Nxe4 dxe4 11. Bxe4 c5 12. a3 e5 13. Qc2 g6 14. O-O cxd4
15. exd4 exd4 16. Nxd4 Nf6 17. Rfe1 Bd7 18. Bxb7 Rb8 19. Rxe7+ 1-0

[Event "Tournoi Skype 022B"]
[Site "Skype"]
[Date "????.??.??"]
[Round "2.21"]
[White "Khatanhar, Mohit"]
[Black "Mhabdi, Mahesh"]
[Result "0-1"]
[WhiteElo "1314"]
[BlackElo "1196"]
[PlyCount "96"]

1. e4 g6 2. d4 Nc6 3. Nf3 d6 4. e5 d5 5. Be2 Bf5 6. Be3 Bg7 7. c3 e6 8. Bd3
Nge7 9. O-O Qd7 10. b4 f6 11. a4 a6 12. Bxf5 Nxf5 13. h3 Nxe3 14. fxe3 fxe5 15.
dxe5 Nxe5 16. Ra2 Nxf3+ 17. Qxf3 O-O-O 18. b5 a5 19. Qd1 Bh6 20. Qd4 b6 21. Re1
Rhf8 22. Nd2 Bg7 23. Qd3 Rf5 24. e4 dxe4 25. Qxe4 Qd5 26. Qc2 Bxc3 27. Qxc3
Qxa2 28. Nf3 Qxa4 29. Qc6 Kb8 30. Ne5 Qd4+ 31. Kh1 Rxe5 32. Rc1 Rd7 33. Qf3
Rxb5 34. Qf8+ Rd8 35. Qf7 c5 36. Qxe6 Rb2 37. Qf7 Qe4 38. Qf1 Rdd2 39. Qf8+ Kc7
40. Qf7+ Kc6 41. Qf6+ Kb7 42. Qf7+ Ka6 43. Qf1+ Re2 44. Qg1 Rxg2 45. Qf1+ Rge2+
46. Kg1 Qe3+ 47. Kh1 c4 48. Rxc4 Rh2# 0-1

[Event "Tournoi Skype 022B"]
[Site "Skype"]
[Date "????.??.??"]
[Round "2.22"]
[White "Gerbaux, Regis"]
[Black "Dhenain, Sebastien"]
[Result "1-0"]
[WhiteElo "1425"]
[BlackElo "1201"]
[PlyCount "63"]

1. d4 d5 2. c4 e6 3. Nc3 Nf6 4. e3 Nc6 5. Nf3 Bb4 6. Bd2 Ne4 7. Nxe4 dxe4 8.
Ne5 Bxd2+ 9. Qxd2 Nxe5 10. dxe5 Qxd2+ 11. Kxd2 O-O 12. Rd1 Rd8+ 13. Kc1 Re8 14.
Be2 a5 15. c5 b6 16. Bb5 Rf8 17. c6 Ba6 18. Bxa6 Rxa6 19. Rd7 Ra7 20. Rhd1 h6
21. R1d4 f5 22. Re7 Rf7 23. Rd8+ Rf8 24. Rdd7 Rfa8 25. Rxg7+ Kf8 26. Rdf7+ Ke8
27. Rf6 a4 28. Rxe6+ Kf8 29. Ree7 Ra5 30. Ref7+ Ke8 31. e6 Rc5+ 32. Kb1 1-0

[Event "Tournoi Skype 022B"]
[Site "Skype"]
[Date "????.??.??"]
[Round "2.23"]
[White "Chothe, Siddhant"]
[Black "De Nobrega, George"]
[Result "0-1"]
[WhiteElo "1193"]
[BlackElo "1396"]
[PlyCount "40"]

1. e4 e5 2. Nf3 Nc6 3. Bc4 Nd4 4. Nxe5 Qg5 5. Bxf7+ Ke7 6. Qh5 Qxg2 7. Qh4+ Nf6
8. Rf1 Nxc2+ 9. Ke2 Qxe4+ 10. Qxe4 Nxe4 11. Kd3 Nxa1 12. Kxe4 d6 13. Bc4 dxe5
14. Kxe5 Nc2 15. a3 Ke8 16. Bb3 Na1 17. Bc4 Bd6+ 18. Kd4 Bxh2 19. Re1+ Kd8 20.
d3 Nc2+ 0-1

[Event "Tournoi Skype 022B"]
[Site "Skype"]
[Date "????.??.??"]
[Round "2.24"]
[White "Maccaferri, Massimo"]
[Black "Yilmazer, Seher"]
[Result "1-0"]
[WhiteElo "1357"]
[BlackElo "1174"]
[PlyCount "51"]

1. e4 e5 2. Bc4 Nc6 3. Qh5 Qe7 4. d3 Nf6 5. Qf3 Nd4 6. Qd1 d6 7. Nc3 Bg4 8. f3
Bh5 9. Bg5 O-O-O 10. Nd5 Qe6 11. Nb6+ axb6 12. Bxe6+ Nxe6 13. c4 Nxg5 14. Qa4
Kb8 15. b4 Ne6 16. Rc1 g5 17. c5 Nd4 18. Nh3 g4 19. Ng5 gxf3 20. Nxf7 Bxf7 21.
gxf3 Bh6 22. Rc3 Nxf3+ 23. Kf2 Bh5 24. Ra3 c6 25. cxd6 Nh4 26. Qa8# 1-0

[Event "Tournoi Skype 022B"]
[Site "Skype"]
[Date "????.??.??"]
[Round "2.25"]
[White "Moumtaz, Abderrahim"]
[Black "Erten, Ozlem"]
[Result "1/2-1/2"]
[WhiteElo "1338"]
[BlackElo "1112"]
[PlyCount "93"]

1. d4 d5 2. c4 c6 3. Nc3 e6 4. Nf3 Nf6 5. Bg5 Be7 6. e3 Nbd7 7. Bd3 h6 8. Bh4
g5 9. Bg3 Nh5 10. Be5 Bf6 11. Bxf6 Nhxf6 12. e4 dxe4 13. Nxe4 Nxe4 14. Bxe4 Nf6
15. Qc2 Qc7 16. h3 Qf4 17. Bd3 g4 18. Qd2 Qxd2+ 19. Nxd2 Bd7 20. hxg4 Nxg4 21.
Nf3 f6 22. Rh4 e5 23. dxe5 fxe5 24. Nxe5 Nxe5 25. Re4 O-O-O 26. Rxe5 Rde8 27.
Rxe8+ Rxe8+ 28. Kf1 h5 29. Re1 Rxe1+ 30. Kxe1 h4 31. f4 Kc7 32. f5 Kd6 33. Kf2
Ke5 34. g3 hxg3+ 35. Kxg3 Bxf5 36. Bxf5 Kxf5 37. Kf3 Ke5 38. Ke3 c5 39. Kd3 Kd6
40. Ke4 Kc6 41. b3 a6 42. a4 b5 43. axb5+ axb5 44. cxb5+ Kxb5 45. Kd5 Kb4 46.
Kc6 Kxb3 47. Kxc5 1/2-1/2

[Event "Tournoi Skype 022B"]
[Site "Skype"]
[Date "????.??.??"]
[Round "2.26"]
[White "Bacha, Mehdi"]
[Black "Sanchez Padilla, Armando Edilber"]
[Result "0-1"]
[WhiteElo "1173"]
[BlackElo "1278"]
[PlyCount "70"]

1. d4 Nf6 2. e3 d5 3. f4 e6 4. Bd3 Be7 5. Nf3 Nbd7 6. O-O O-O 7. Ne5 Ne4 8. Nd2
f5 9. c3 b6 10. a3 Bb7 11. Bc2 Ndf6 12. Nxe4 Nxe4 13. Bd2 Ba6 14. Rf3 Bh4 15.
Rh3 Nf2 16. Nc6 Nxh3+ 17. Kh1 Nf2+ 18. Kg1 Qe8 19. Qf3 Qxc6 20. g3 Nh3+ 21. Kg2
Nxf4+ 22. Qxf4 Bf6 23. Rd1 Qb5 24. Bc1 Qe2+ 25. Qf2 Qh5 26. Bd3 Qxd1 27. Bxa6
Qxc1 28. Bb7 Rad8 29. h4 e5 30. Qxf5 Qxb2+ 31. Kh3 Qxc3 32. Qe6+ Kh8 33. Bxd5
Qxe3 34. Bc6 Qxd4 35. a4 Rd6 0-1

[Event "Tournoi Skype 022B"]
[Site "Skype"]
[Date "????.??.??"]
[Round "2.27"]
[White "Scata, Laura"]
[Black "Vincent, Andre"]
[Result "1/2-1/2"]
[WhiteElo "1152"]
[BlackElo "1263"]
[PlyCount "87"]

1. e4 c5 2. Nf3 e6 3. d4 cxd4 4. Nxd4 Nf6 5. Nc3 Be7 6. Bc4 O-O 7. e5 Ne8 8.
Be3 a6 9. a4 Nc6 10. Nf3 Na5 11. Ba2 d6 12. O-O d5 13. Nd4 Bd7 14. Qg4 g6 15.
Bh6 Ng7 16. f4 f5 17. exf6 Bxf6 18. Bg5 Bxd4+ 19. Kh1 Bf6 20. b3 Nc6 21. Rad1
Nb4 22. Bb1 Nf5 23. Rde1 h6 24. Bxh6 Nxh6 25. Qxg6+ Bg7 26. Ne2 Qe8 27. Qg5 Rf5
28. Qg3 Qf7 29. c3 Rf6 30. cxb4 Kh8 31. Ng1 Rg8 32. Nh3 Bf8 33. Qc3 Bxb4 34.
Qxb4 b5 35. Ng5 Qg7 36. Rg1 Nf5 37. Bxf5 exf5 38. Re3 Re8 39. Rge1 Qg6 40.
Rxe8+ Bxe8 41. Qc3 Bc6 42. Qh3+ Kg7 43. Re7+ Kf8 44. Rh7 1/2-1/2

[Event "Tournoi Skype 022B"]
[Site "Skype"]
[Date "????.??.??"]
[Round "2.29"]
[White "Baker, Abi"]
[Black "Bouffard, Georges"]
[Result "0-1"]
[WhiteElo "1133"]
[BlackElo "1251"]
[PlyCount "84"]

1. c4 e6 2. Nc3 Nf6 3. d3 c6 4. e4 d6 5. g3 Nbd7 6. Bg2 e5 7. Nge2 c5 8. O-O
Be7 9. Nd5 Nxd5 10. cxd5 Nb6 11. a3 c4 12. d4 Bf6 13. b3 Bd7 14. a4 Rc8 15. Ba3
Qe7 16. Qc2 g6 17. b4 Bxa4 18. Qc3 Bb5 19. Bb2 a6 20. f4 Nd7 21. f5 g5 22. g4
Nf8 23. Ng3 exd4 24. Qd2 c3 25. Bxc3 dxc3 26. Qf2 Nd7 27. Qa7 Nb8 28. Rfe1 Qe5
29. Nh5 O-O 30. Nxf6+ Qxf6 31. Qxb7 Qd4+ 32. Kh1 Qxb4 33. e5 dxe5 34. Rxe5 Qd6
35. Rae1 Rc7 36. Qa8 c2 37. f6 c1=Q 38. Rxg5+ Kh8 39. Rf1 Bxf1 40. h4 Bxg2+ 41.
Kxg2 Qc2+ 42. Kf3 Rc3# 0-1

[Event "Tournoi Skype 022B"]
[Site "Skype"]
[Date "????.??.??"]
[Round "2.30"]
[White "Bustos, Ricardo"]
[Black "Mimouni, Driss"]
[Result "1/2-1/2"]
[WhiteElo "1250"]
[BlackElo "1068"]
[PlyCount "133"]

1. e4 e5 2. Nf3 Nc6 3. Bb5 a6 4. Bc4 Nf6 5. Ng5 d5 6. exd5 Nxd5 7. Nf3 Be6 8.
Be2 e4 9. Ng1 Bd6 10. c4 Nf4 11. Kf1 Nd4 12. d3 Ndxe2 13. Nxe2 Nxd3 14. Qa4+
Bd7 15. Qc2 Bc5 16. Be3 Qf6 17. Nf4 Nxf4 18. Bxf4 Qxf4 19. Nc3 e3 20. f3 Qxc4+
21. Ke1 e2 22. Qxe2+ Qxe2+ 23. Nxe2 O-O 24. Kd2 Bb4+ 25. Nc3 Rad8 26. Kc2 Bf5+
27. Kb3 a5 28. a3 Be6+ 29. Kc2 Bc5 30. b4 axb4 31. axb4 Bxb4 32. Rhd1 Bf5+ 33.
Kb3 Rxd1 34. Rxd1 c5 35. Nd5 Be6 36. Kc4 b6 37. Kb5 Rd8 38. Nf6+ gxf6 39. Rxd8+
Kg7 40. Kxb6 c4 41. Rd4 Bc3 42. Rd1 f5 43. Kc5 Kf6 44. Rc1 Be5 45. g3 c3 46.
Kb5 Bd7+ 47. Kb4 f4 48. gxf4 Bd4 49. Kc4 Be6+ 50. Kxd4 Kf5 51. Ke3 c2 52. Rxc2
f6 53. Rc5+ Kg6 54. Ke4 Bf5+ 55. Ke3 h5 56. Kd4 h4 57. Rc7 h3 58. Rf7 Kxf7 59.
Kd5 Be6+ 60. Ke4 f5+ 61. Ke3 Bd5 62. Kf2 Kg6 63. Kg3 Kh5 64. Kxh3 Bxf3 65. Kg3
Bg4 66. h3 Bxh3 67. Kxh3 1/2-1/2